00841 2200301 4500001002100000005001500021035002000036007000300056008004100059020001800100082000800118084001500126084001300141100003300154245007100187250001200258300003800270650001200308650001200320700002600332264005200358336002100410337003000431338002300461856002900484990001300513990001300526INLIS00000000112103620240105103922 a0010-0124000001ta240105 0 ind  a9786231531599 a577 aD MMPI5101 aMMPI51010 aSuyud Warno UtomoePengarang1 aEkologi :b1-9 / MMPI5101 / 3 SKS /cSuyud Warno Utomo, Reda Rizal aEdisi 2 a375 halaman :bilustrasi ;c27 cm 4aEkologi 4aEcology0 aReda RizalePengarang aTangerang Selatan :bUniversitas Terbuka,c2023 2rdacontentaTeks 2rdamediaaTanpa Perantara 2rdacarrieraVolume aPerpustakaan UT lantai 2 a23/30323 a23/90310